LDR 00675naa#a2200181#i#450# 001 EN\\bibl\120994 005 20260426135901.7 011 ## _a2782-5256 100 ## _a20260420b2026####ek#y0engy0150####ca 102 ## _aRU 200 1# _aPersonal data protection in the digital space: modern legal challenges and solutions _eJournal article 210 1# _aMoscow _cMoscow University of the Ministry of Internal Affairs of Russia named after V.Ya. Kikot _d2026 215 ## _a4 с. 608 ## _aJournal article _2local 675 ## _aПраво. Юридические науки. 34 _z 700 #1 _aSteparzhevskaya _gAlena Vladimirovna 700 #1 _aTomilina _gElena Evgen'evna 856 4# _amosumvd.editorum.ru _u